20 Biggest African Countries With a Map - Statistics

General Stats
  • This quiz has been taken 58 times
  • The average score is 19 of 20
Answers on the Map
Answers color-coded by a green-red scale on the quiz's map according to % correct below.
 
Answer Stats
Country % Correct
Egypt
100%
South Africa
100%
Chad
98%
Niger
98%
Nigeria
98%
Sudan
98%
Algeria
96%
Mali
96%
DR Congo
94%
Ethiopia
94%
Mozambique
94%
Tanzania
94%
Angola
92%
Libya
92%
Namibia
92%
Somalia
90%
Mauritania
88%
South Sudan
88%
Zambia
86%
Central African Republic
84%
No matching quizzes found
Score Distribution
Percent of People with Each Score
Percentile by Number Answered
Your Score History
You have not taken this quiz